Library of the University of Algiers 3
Ibrahim Sultan Cheibout
شعار جامعة الجزائر 3
مكتبة جامعة الجزائر 3
إبراهيم سلطان شيبوط

المحاسبة الدولية / (رقم التسجيلة. 46028)

تفاصيل مارك
000 -LEADER
fixed length control field 02923nam a2200229Ia 4500
003 - CONTROL NUMBER IDENTIFIER
control field Ost
005 - DATE AND TIME OF LATEST TRANSACTION
control field 20260507075730.0
008 - FIXED-LENGTH DATA ELEMENTS--GENERAL INFORMATION
fixed length control field 260507s9999||||xx |||||||||||||| ||und||
020 ## - INTERNATIONAL STANDARD BOOK NUMBER
International Standard Book Number x539249960
040 ## - CATALOGING SOURCE
Transcribing agency fsecg
041 ## - LANGUAGE CODE
Language code of text/sound track or separate title ara
082 ## - DEWEY DECIMAL CLASSIFICATION NUMBER
Classification number 657.96
100 ## - MAIN ENTRY--PERSONAL NAME
Personal name تشوي، فريدريك
Relator term مؤلف
245 #0 - TITLE STATEMENT
Title المحاسبة الدولية /
Statement of responsibility, etc. فريدريك تشوي
260 ## - PUBLICATION, DISTRIBUTION, ETC.
Place of publication, distribution, etc. الرياض:
Name of publisher, distributor, etc. دار المريخ للنشر,
Date of publication, distribution, etc. 2004
300 ## - PHYSICAL DESCRIPTION
Extent 632 صفحة؛
Dimensions 24 سم
520 ## - SUMMARY, ETC.
Summary, etc. يتناول هذا الكتاب تاريخ موجز للمحاسبة الدولية ? كيف نظم هذا الكتاب قائمة الدخل غير الموحدة و الاوراق المالية القابلة للتداول ثم الاستثمار في التامين الجماعي للشركة وكانت محتوياته كالتالي : مقدمة-الفصل الأول : شركة نيكين للكيماويات المحدودة : تاريخ موجز للمحاسبة الدولية : كيف نظم هذا الكتاب : قائمة الدخل غير الموحدة-الفصل الثاني : التطور والتدريب : التطور : النظام القانوني : الضرائب : الروابط الاقتصادية والسياسية-الفصل الثالث : المحاسبة المقارنة (1) : المفاهيم الأساسية : ست نظم محاسبة مالية قومية : تطبيق وتنظيم المحاسبة : التقرير المالي-الفصل الرابع : المحاسبة المقارنة (2) : أسباب اختيار هذه الدول الأربعة : بعض الملاحظات حول الدول الأربعة المحاسبة بها : التقرير المالي : مقاييس المحاسبة-الفصل الخامس : التقرير والإفصاح : تطور الإفصاح : الإفصاح الاختياري : متطلبات تنظيم الإفصاح : الجدل حول التقرير المالي لهيئة تداول الأوراق المالية-الفصل السادس : ترجمة العملات الأجنبية : أسباب الترجمة : أثر أسعار الترجمة البديلة على القوائم المالية : ترجمة العملات الأجنبية : طرق السعر المتعدد-الفصل السابع : المحاسبة عن تغيرات الأسعار : لماذا تعتبر القوائم المالية مضللة : أنواع تسويات التضخم : تسويات مستوى الأسعار العام : استخدام الأرقام القياسية للأسعار-الفصل الثامن : التناسق المحاسبي الدولي : استعراض التناسق الدولي : انتقادات المعايير الدولية.
653 ## - INDEX TERM--UNCONTROLLED
Uncontrolled term المحاسبة الدولية
700 ## - ADDED ENTRY--PERSONAL NAME
Personal name آن، غرست
Relator term مؤلف ثانوي
700 ## - ADDED ENTRY--PERSONAL NAME
Personal name مييك,كارول
Relator term مؤلف ثانوي
942 ## - ADDED ENTRY ELEMENTS (KOHA)
Koha item type كتب
المقتنيات
Withdrawn status Lost status Source of classification or shelving scheme Damaged status Not for loan Home library Current library Date acquired Serial enumeration / chronology Inventory number Total checkouts Full call number Barcode Date last seen Price effective from Koha item type
    Library of Congress Classification   NOT LOAN / إعارة داخلية مكتبة كلية العلوم الإقتصادية والعلوم التجارية وعلوم التسيير مكتبة كلية العلوم الإقتصادية والعلوم التجارية وعلوم التسيير 07/05/2026 الطابق الأرضي 1173/1   أ/1173ن1 1173/1 07/05/2026 07/05/2026 كتب
    Dewey Decimal Classification   Available مكتبة كلية العلوم الإقتصادية والعلوم التجارية وعلوم التسيير مكتبة كلية العلوم الإقتصادية والعلوم التجارية وعلوم التسيير 07/05/2026 الطابق الأرضي 1173/2   أ/1173ن2 1173/2 07/05/2026 07/05/2026 كتب
    Dewey Decimal Classification   Available مكتبة كلية العلوم الإقتصادية والعلوم التجارية وعلوم التسيير مكتبة كلية العلوم الإقتصادية والعلوم التجارية وعلوم التسيير 07/05/2026 الطابق الأرضي 1173/3   أ/1173ن3 1173/3 07/05/2026 07/05/2026 كتب
    Dewey Decimal Classification   Available مكتبة كلية العلوم الإقتصادية والعلوم التجارية وعلوم التسيير مكتبة كلية العلوم الإقتصادية والعلوم التجارية وعلوم التسيير 07/05/2026 الطابق الأرضي 1173/4   أ/1173ن4 1173/4 07/05/2026 07/05/2026 كتب
    Dewey Decimal Classification   Available مكتبة كلية العلوم الإقتصادية والعلوم التجارية وعلوم التسيير مكتبة كلية العلوم الإقتصادية والعلوم التجارية وعلوم التسيير 07/05/2026 الطابق الثاني 1173/5   أ/1173ن5 1173/5 07/05/2026 07/05/2026 كتب
    Dewey Decimal Classification   Available مكتبة كلية العلوم الإقتصادية والعلوم التجارية وعلوم التسيير مكتبة كلية العلوم الإقتصادية والعلوم التجارية وعلوم التسيير 07/05/2026 الطابق الثاني 1173/6   أ/1173ن6 1173/6 07/05/2026 07/05/2026 كتب
    Dewey Decimal Classification   Available مكتبة كلية العلوم الإقتصادية والعلوم التجارية وعلوم التسيير مكتبة كلية العلوم الإقتصادية والعلوم التجارية وعلوم التسيير 07/05/2026 الطابق الثاني 1173/7   أ/1173ن7 1173/7 07/05/2026 07/05/2026 كتب

موارد الويب المفتوحة


© University of Algiers 3 All Rights Reserved
|
Implemented by LECHELAH Riad